[Event "Niedersachsen-ch Seniors op 11th"]
[Site "Bad Bevensen"]
[Date "2008.07.13"]
[Round "6"]
[White "Milnikel, Eugen"]
[Black "Geibel, Henning"]
[Result "1-0"]
[WhiteElo "1341"]
[BlackElo "1149"]
[PlyCount "93"]
[EventDate "2008.07.08"]
[EventType "swiss"]
[EventRounds "9"]
[EventCountry "GER"]
[SourceTitle "EXT 2022"]
[Source "ChessBase"]
[SourceDate "2021.10.06"]
[SourceVersion "1"]
[SourceVersionDate "2021.10.06"]
[SourceQuality "1"]

1. d4 d5 2. c4 Nf6 3. cxd5 Qxd5 4. Nc3 Qf5 5. f3 e6 6. e4 Qa5 7. Bd2 Bb4 8. a3 Bxc3 9. Bxc3 Qh5 10. Rc1 0-0 11. Bb4 Re8 12. Ne2 a5 13. Bd2 c6 14. Nf4 Qh4+ 15. g3 Qh6 16. Nxe6 Qg6 17. Nc7 Re7 18. Nxa8 Nxe4 19. Qe2 Na6 20. Bg2 Bf5 21. fxe4 Bxe4 22. Bxe4 Rxe4 23. Be3 Qe6 24. Rc3 Qd5 25. Rf1 b5 26. Qf3 f6 27. Qf5 Qxd4 28. Qf3 b4 29. Kf2 Qe5 30. Rc2 Qd5 31. Rd2 Qe6 32. Rfd1 h6 33. Rd8+ Kh7 34. R8d6 Qe5 35. R1d2 bxa3 36. bxa3 Ra4 37. Nb6 Re4 38. R2d4 Rxd4 39. Rxd4 Qb5 40. Rd7 Qb2+ 41. Rd2 Qxa3 42. Qf5+ Kg8 43. Rd8+ Kf7 44. Rd7+ Kg8 45. Qg6 Qf8 46. Bxh6 Nb8 47. Rxg7+ 1-0

[Event "Niedersachsen-ch Seniors op 10th"]
[Site "Bad Bevensen"]
[Date "2007.07.09"]
[Round "7"]
[White "Milnikel, Eugen"]
[Black "Angermann, Immo Frank"]
[Result "1/2-1/2"]
[WhiteElo "1368"]
[BlackElo "1506"]
[PlyCount "41"]
[EventDate "2007.07.03"]
[EventType "swiss"]
[EventRounds "9"]
[EventCountry "GER"]
[SourceTitle "EXT 2022"]
[Source "ChessBase"]
[SourceDate "2021.10.06"]
[SourceVersion "1"]
[SourceVersionDate "2021.10.06"]
[SourceQuality "1"]

1. d4 Nf6 2. Bg5 Ne4 3. Bf4 g5 4. Be3 h6 5. f3 Nf6 6. c4 Bg7 7. Nc3 d6 8. Bf2 c6 9. e4 Nbd7 10. Bd3 e5 11. Nge2 b6 12. 0-0 Bb7 13. Ng3 exd4 14. Bxd4 Ne5 15. Nf5 Bf8 16. Qc2 c5 17. Bxe5 dxe5 18. Rad1 Nd7 19. Be2 Qf6 20. Nb5 Qc6 21. Nbd6+ 1/2-1/2

[Event "Niedersachsen-ch Seniors op 10th"]
[Site "Bad Bevensen"]
[Date "2007.07.08"]
[Round "6"]
[White "Maczollek, Helmut"]
[Black "Milnikel, Eugen"]
[Result "1/2-1/2"]
[WhiteElo "1460"]
[BlackElo "1368"]
[PlyCount "35"]
[EventDate "2007.07.03"]
[EventType "swiss"]
[EventRounds "9"]
[EventCountry "GER"]
[SourceTitle "EXT 2022"]
[Source "ChessBase"]
[SourceDate "2021.10.06"]
[SourceVersion "1"]
[SourceVersionDate "2021.10.06"]
[SourceQuality "1"]

1. d4 Nf6 2. Nf3 g6 3. e3 Bg7 4. Be2 d6 5. 0-0 0-0 6. Nbd2 a6 7. b4 Nc6 8. c3 Re8 9. Qc2 e5 10. dxe5 Nxe5 11. Bb2 Bg4 12. Rfe1 Nxf3+ 13. Nxf3 Bf5 14. Bd3 Bxd3 15. Qxd3 Ne4 16. Rab1 Ng5 17. Nxg5 Qxg5 18. c4 1/2-1/2

[Event "Niedersachsen-ch Seniors op 10th"]
[Site "Bad Bevensen"]
[Date "2007.07.05"]
[Round "3"]
[White "Milnikel, Eugen"]
[Black "Van Houten, Henk"]
[Result "0-1"]
[WhiteElo "1368"]
[BlackElo "1496"]
[PlyCount "121"]
[EventDate "2007.07.03"]
[EventType "swiss"]
[EventRounds "9"]
[EventCountry "GER"]
[SourceTitle "EXT 2022"]
[Source "ChessBase"]
[SourceDate "2021.10.06"]
[SourceVersion "1"]
[SourceVersionDate "2021.10.06"]
[SourceQuality "1"]

1. d4 d5 2. c4 e6 3. Nc3 Nf6 4. cxd5 exd5 5. Nf3 c6 6. Bg5 Be7 7. e3 Nbd7 8. Be2 0-0 9. 0-0 Ne4 10. Bxe7 Qxe7 11. Rc1 f5 12. g3 Ndf6 13. Ne5 Be6 14. Na4 Rac8 15. Nc5 Bf7 16. a3 Nxc5 17. Rxc5 Ne4 18. Rc1 Be6 19. f4 Rc7 20. b4 a5 21. Nd3 axb4 22. axb4 b6 23. Rc2 Ra8 24. Qc1 Rac8 25. Ne5 c5 26. Ba6 Ra8 27. b5 c4 28. Ra2 Qb4 29. Qb2 Qf8 30. Qa3 Qd8 31. Nc6 Qd6 32. Rfa1 Qxa3 33. Rxa3 Kf7 34. Bc8 Raxc8 35. Ra7 Nd6 36. Ne5+ Kf6 37. Ra8 Rxa8 38. Rxa8 c3 39. Rf8+ Nf7 40. Nd3 c2 41. Rb8 Rc3 42. Nc1 Rxe3 43. Kf2 Re4 44. Rxb6 Rxd4 45. Rc6 Rc4 46. Rxc4 dxc4 47. Ke2 Bd5 48. b6 Nd6 49. Kd2 Be4 50. Kc3 Bd3 51. Kb4 Ke7 52. Ka5 Kd7 53. Ka6 Kc6 54. h3 Nc8 55. b7 c3+ 56. Nxd3 Kc7 57. bxc8Q+ Kxc8 58. Kb5 g6 59. Kc4 Kd7 60. Kxc3 Kd6 61. Kxc2 0-1

[Event "Niedersachsen-ch Seniors op 09th"]
[Site "Bad Bevensen"]
[Date "2006.06.29"]
[Round "6"]
[White "Geier, Berthold"]
[Black "Milnikel, Eugen"]
[Result "1-0"]
[WhiteElo "1525"]
[BlackElo "1406"]
[PlyCount "71"]
[EventDate "2006.06.24"]
[EventType "swiss"]
[EventRounds "9"]
[EventCountry "GER"]
[SourceTitle "EXT 2022"]
[Source "ChessBase"]
[SourceDate "2021.10.06"]
[SourceVersion "1"]
[SourceVersionDate "2021.10.06"]
[SourceQuality "1"]

1. Nf3 e6 2. d4 d5 3. Nbd2 Nf6 4. c3 c5 5. e3 Nc6 6. Bb5 Bd7 7. 0-0 cxd4 8. cxd4 Bd6 9. a3 0-0 10. Re1 Qc7 11. e4 Bf4 12. e5 Ne8 13. g3 Bxd2 14. Bxd2 a6 15. Bxc6 Bxc6 16. Bb4 Qb6 17. Bxf8 Kxf8 18. Qd2 Qb3 19. Re3 Qb6 20. Rc1 Qd8 21. h4 h6 22. a4 a5 23. b3 Qd7 24. Kg2 b5 25. Rec3 Ra6 26. Qd3 Rb6 27. Qc2 Bb7 28. Rc5 bxa4 29. bxa4 Rb4 30. Rxa5 Rc4 31. Qb2 Rxc1 32. Qxc1 Bc6 33. Qc5+ Kg8 34. Ra7 Nc7 35. Qa5 Qc8 36. Rxc7 1-0

[Event "Niedersachsen-ch Seniors op 09th"]
[Site "Bad Bevensen"]
[Date "2006.06.28"]
[Round "5"]
[White "Smits, Oswald"]
[Black "Milnikel, Eugen"]
[Result "1-0"]
[WhiteElo "1672"]
[BlackElo "1406"]
[PlyCount "97"]
[EventDate "2006.06.24"]
[EventType "swiss"]
[EventRounds "9"]
[EventCountry "GER"]
[SourceTitle "EXT 2022"]
[Source "ChessBase"]
[SourceDate "2021.10.06"]
[SourceVersion "1"]
[SourceVersionDate "2021.10.06"]
[SourceQuality "1"]

1. d4 Nf6 2. Nf3 g6 3. c4 Bg7 4. Nc3 d6 5. e4 0-0 6. Be2 Bg4 7. h3 Bxf3 8. Bxf3 Nbd7 9. 0-0 e5 10. d5 Rc8 11. Be3 a6 12. b3 c6 13. dxc6 Rxc6 14. Qd2 Re8 15. Rfd1 Qc8 16. Rac1 Rf8 17. Bg5 Ne8 18. Be7 Nef6 19. Bxf8 Qxf8 20. Qe2 Bh6 21. Rc2 Nc5 22. Nd5 Nfd7 23. Bg4 a5 24. Rc3 Bg7 25. Rf3 Nb8 26. h4 h5 27. Bh3 Ra6 28. Nc7 Rb6 29. Ne6 Qe7 30. Nxc5 dxc5 31. Rfd3 Kh7 32. g3 Ra6 33. Rd8 Ra8 34. R1d5 Bf6 35. Qf3 Kg7 36. Rc8 b6 37. Qd1 Qb7 38. Qf3 Nc6 39. Rxa8 Qxa8 40. g4 Nd4 41. Qd1 Qc8 42. Kg2 Qh8 43. g5 Bd8 44. Rxe5 f6 45. Rd5 Qe8 46. f3 Bc7 47. Rd7+ Kf8 48. Rxc7 Qb8 49. Rc8+ 1-0